Construction specifications portable handbook. (Record no. 102554)
[ view plain ]
| 000 -LEADER | |
|---|---|
| fixed length control field | 01152cam a2200253 4500 |
| 008 - FIXED-LENGTH DATA ELEMENTS--GENERAL INFORMATION | |
| fixed length control field | 000000n1999 000 0 eng u |
| 020 ## - INTERNATIONAL STANDARD BOOK NUMBER | |
| International Standard Book Number | 007134103X |
| 035 ## - SYSTEM CONTROL NUMBER | |
| System control number | (Sirsi) u120744 |
| 041 ## - LANGUAGE CODE | |
| Language code of text/sound track or separate title | eng. |
| 050 ## - LIBRARY OF CONGRESS CALL NUMBER | |
| Classification number | 692.3 |
| -- | 18 |
| 100 ## - MAIN ENTRY--PERSONAL NAME | |
| Personal name | Stitt, Fred A. |
| 245 ## - TITLE STATEMENT | |
| Title | Construction specifications portable handbook. |
| 260 ## - PUBLICATION, DISTRIBUTION, ETC. | |
| Place of publication, distribution, etc. | New York |
| Name of publisher, distributor, etc. | McGraw-Hill |
| Date of publication, distribution, etc. | 1999 |
| 300 ## - PHYSICAL DESCRIPTION | |
| Extent | v,378p. |
| Other physical details | ill. |
| Dimensions | 21cm. |
| 350 ## - PRICE (NR) (BK AM CF MU VM SE) [OBSOLETE] | |
| Price | 39.99 |
| 490 ## - SERIES STATEMENT | |
| Series statement | McGraw-Hill Portable Architecture |
| 520 ## - SUMMARY, ETC. | |
| Summary, etc. | An American book which is organised according to CSI Masterformat. It aims to give the reader access to simple, accurate specification writing and verification whether in the office or on site. It includes: clearly written requirement checklists; checklists for all major construction products, materials and procedures; and a systematic approach that helps eliminate costly contractor claims, mistakes or the need for redos or reorders. |
| 650 ## - SUBJECT ADDED ENTRY--TOPICAL TERM | |
| Topical term or geographic name entry element | SPECIFICATION |
| 650 ## - SUBJECT ADDED ENTRY--TOPICAL TERM | |
| Topical term or geographic name entry element | CONSTRUCTION SPECIFICATIONS INSTITUTE |
| 650 ## - SUBJECT ADDED ENTRY--TOPICAL TERM | |
| Topical term or geographic name entry element | UNITED STATES |
| 650 ## - SUBJECT ADDED ENTRY--TOPICAL TERM | |
| Topical term or geographic name entry element | SPECIFICATION WRITING |
| 690 ## - LOCAL SUBJECT ADDED ENTRY--TOPICAL TERM (OCLC, RLIN) | |
| Topical term or geographic name as entry element | QUANTITY SURVEYING-MEASUREMENT AND SPECIFICATION |
| 942 ## - ADDED ENTRY ELEMENTS (KOHA) | |
| Suppress in OPAC | 0 |
| Withdrawn status | Lost status | Source of classification or shelving scheme | Damaged status | Not for loan | Home library | Current library | Shelving location | Date acquired | Cost, normal purchase price | Total Checkouts | Full call number | Barcode | Date last seen | Date last checked out | Copy number | Cost, replacement price | Price effective from | Koha item type |
|---|---|---|---|---|---|---|---|---|---|---|---|---|---|---|---|---|---|---|
| Dewey Decimal Classification | London | London | Books | 30/04/2003 | 33.99 | 14 | 692.3 STI | 30068552 | 06/08/2019 | 04/01/2010 | 1 | 33.99 | 06/08/2019 | Book |